Les films se déroulant dans une voiture - Statistiques

Statistiques générales
  • Ce quiz a été pris 190 fois
  • Le résultat moyen est 4 sur 15
Statistiques - réponses
Année Film % Correct
1976 Taxi {Driver}
80%
1985 Retour {vers le futur}
70%
2008 Gran {Torino}
61%
1998 T {Taxi}
61%
1991 {Thelma} et Louise
57%
2012 Holy {Motors}
12%
1971 D {Duel}
9%
1997 Le goût {de la cerise}
5%
2020 Le tueur {de l'autoroute}
5%
2016 Le C {Convoi}
4%
2005 Burt {Munro}
2%
2020 La nuit {venue}
2%
2013 L {Locke}
1%
2017 Taxi {Sofia}
1%
2016 T {Tunnel}
0%
Aucun quiz correspondant
Distribution des résultats
% des personnes avec chaque résultat
Percentile par nombre de réponses
Votre historique - résultats
Vous n’avez pas pris ce quiz